000 00833nam a2200205Ii 4500
003 JO-AjNU
008 230605s9999||||xx |||||||||||||| ||und||
040 _aJO-AjNU
_bara
_erda
_cJO-AjNU
041 _aara
050 1 4 _aHN40.M6.S4 1980
100 3 _aالشيشاني، عبد الوهاب عبد العزيز ,
_eauthor
_957717
245 0 0 _aحقوق الانسان وحرياته الاساسية في النظام الاسلامي ونظم المعاصرة
250 _aط1
264 3 1 _aعمان: الجمعية العلمية الملكية، 1980
300 _a764ص
_bببليوجرافيا721-764
336 _atext
_btxt
_2rdacontent
337 _aunmediated
_bn
_2rdamedia
338 _avolume
_bnc
_2rdacarrier
650 4 _aحقوق الانسان-الاسلام والحرية-النظم الاسلامية
_957718
999 _aA25881
_c29449
_d29449